The molecular geometries of coordination compounds in the vapour phase

Gespeichert in:
Bibliographische Detailangaben
Hauptverfasser: Hargittai, Magdolna (Verfasst von), Hargittai, István (Verfasst von)
Format: Buch
Sprache:Englisch
Veröffentlicht: Budapest : Akadémiai Kiadó, 1977
Tags: Tag hinzufügen
Keine Tags, Fügen Sie das erste Tag hinzu!

MARC

LEADER 00000nam a22000003a 4500
001 stu140703
005 20150617225926.6
008 070502s1977----hu------------------eng-d
020 |a 963-05-0936-9 
040 |a STU  |b slo 
041 0 |a eng 
044 |a hu 
100 1 |a Hargittai, Magdolna  |4 aut 
245 1 |a The molecular geometries of coordination compounds in the vapour phase 
260 |a Budapest :  |b Akadémiai Kiadó,  |c 1977 
300 |a 275 s.;tab.,schémy 
500 |a prel. z maďarského orig. 
700 1 |a Hargittai, István  |4 aut 
996 |b 284V027523  |c V*21512/O-8465  |l VVT  |s A  |a 24  |w stu140703_0001